Sur quel continent vivent ces peuples ? 3 - Statistiques

Statistiques générales
  • Ce quiz a été pris 25 fois
  • Le résultat moyen est 12 sur 25
Statistiques - réponses
Hint Explanation Réponse % Correct
Basques France, Espagne Europe
96%
Zhuangs Chine Asie
83%
Afars Djibouti, Ethiopie et Erythrée Afrique
78%
Kurdes Asie de l'ouest Asie
74%
Kazakhs Asie centrale Asie
70%
Sardes Italie Europe
70%
Bedjas Soudan Afrique
65%
Mapuches Chili, Argentine Amérique
65%
Omahas Etats-Unis Amérique
65%
Peuls Afrique de l'ouest Afrique
61%
Futuniens Futuna Océanie
61%
Micmacs Canada Amérique
48%
Nukaks Colombie Amérique
39%
Valaques Balkans Europe
39%
Papous Papouasie et Océanie proche Océanie
39%
Awas Brésil Amérique
35%
Kikuyus Kenya Afrique
30%
Kamasses Russie Asie
30%
Kètes Sibérie Asie
26%
Karens Birmanie, Thaïlande Asie
22%
Oroks Ile de Sakhaline Asie
22%
Pohnpeilan Micronésie Océanie
22%
Waraos Venezuela Amérique
13%
Gelaos Chine Asie
9%
Doms Asie de l'ouest Asie
9%
Aucun quiz correspondant
Distribution des résultats
% des personnes avec chaque résultat
Percentile par nombre de réponses
Votre historique - résultats
Vous n’avez pas pris ce quiz